| 000 | 00360nam a2200121 a 4500 | ||
|---|---|---|---|
| 005 | 20140414093837.0 | ||
| 008 | 110322s19uu xx uuu eng d | ||
| 050 |
_aCT FUN _b1998 #4 |
||
| 245 |
_aFunfare audio 4 : _ban integrated, experiential and activity oriented learning in MAPE. |
||
| 260 |
_aPhilippines : _bRex, _c1998. |
||
| 942 | _cAVM | ||
| 999 |
_c109066 _d109066 |
||